<?xml version="1.0" encoding="UTF-8"?>
<record
    xmlns:xsi="http://www.w3.org/2001/XMLSchema-instance"
    xsi:schemaLocation="http://www.loc.gov/MARC21/slim http://www.loc.gov/standards/marcxml/schema/MARC21slim.xsd"
    xmlns="http://www.loc.gov/MARC21/slim">

  <leader>00946nam a2200229 a 4500</leader>
  <controlfield tag="001">BRCA_121</controlfield>
  <controlfield tag="005">20190320202905.0</controlfield>
  <controlfield tag="008">911002s1987    mx-#---###---#000-0#spa-d</controlfield>
  <datafield tag="020" ind1=" " ind2=" ">
    <subfield code="a">9682915244</subfield>
  </datafield>
  <datafield tag="040" ind1=" " ind2=" ">
    <subfield code="a">TxSa</subfield>
    <subfield code="c">DLC</subfield>
    <subfield code="d">DLC</subfield>
  </datafield>
  <datafield tag="050" ind1=" " ind2="4">
    <subfield code="a">N6555</subfield>
    <subfield code="b">.A78 4</subfield>
    <subfield code="c">1987</subfield>
  </datafield>
  <datafield tag="245" ind1="1" ind2="0">
    <subfield code="a">Cultura y sociedad en M&#xE9;xico y Am&#xE9;rica Latina</subfield>
    <subfield code="b">antolog&#xED;a de textos</subfield>
    <subfield code="c">recopilaci&#xF3;n Esther Cimet ... [et al.].</subfield>
  </datafield>
  <datafield tag="250" ind1=" " ind2=" ">
    <subfield code="a">2</subfield>
  </datafield>
  <datafield tag="260" ind1=" " ind2=" ">
    <subfield code="a">M&#xE9;xico</subfield>
    <subfield code="b">INBA : Centro Nacional de Investigaci&#xF3;n, Documentaci&#xF3;n e Informaci&#xF3;n de Artes Pl&#xE1;sticas (CENIDIAP) : Direcci&#xF3;n de Investigaci&#xF3;n y Documentaci&#xF3;n de las Artes</subfield>
    <subfield code="c">1987</subfield>
  </datafield>
  <datafield tag="300" ind1=" " ind2=" ">
    <subfield code="a">131 p.</subfield>
    <subfield code="c">21 cm.</subfield>
  </datafield>
  <datafield tag="440" ind1=" " ind2="0">
    <subfield code="a">Colecci&#xF3;n Artes pl&#xE1;sticas.</subfield>
    <subfield code="p">Serie Investigaci&#xF3;n y documentaci&#xF3;n de las artes</subfield>
    <subfield code="v">4</subfield>
    <subfield code="9">475</subfield>
  </datafield>
  <datafield tag="650" ind1="1" ind2="4">
    <subfield code="a">Artes visuales</subfield>
    <subfield code="y">Siglo XX y XXI</subfield>
    <subfield code="9">476</subfield>
  </datafield>
  <datafield tag="650" ind1="1" ind2="4">
    <subfield code="a">Cultura popular</subfield>
    <subfield code="z">Am&#xE9;rica Latina</subfield>
    <subfield code="9">477</subfield>
  </datafield>
  <datafield tag="650" ind1="1" ind2="4">
    <subfield code="a">Pol&#xED;tica cultural</subfield>
    <subfield code="z">Am&#xE9;rica Latina</subfield>
    <subfield code="9">478</subfield>
  </datafield>
  <datafield tag="700" ind1="1" ind2=" ">
    <subfield code="a">Cimet, Esther</subfield>
    <subfield code="9">292</subfield>
  </datafield>
  <datafield tag="942" ind1=" " ind2=" ">
    <subfield code="2">lcc</subfield>
    <subfield code="c">B</subfield>
  </datafield>
  <datafield tag="999" ind1=" " ind2=" ">
    <subfield code="c">105</subfield>
    <subfield code="d">105</subfield>
  </datafield>
  <datafield tag="952" ind1=" " ind2=" ">
    <subfield code="0">0</subfield>
    <subfield code="1">0</subfield>
    <subfield code="4">0</subfield>
    <subfield code="7">0</subfield>
    <subfield code="a">BRCA</subfield>
    <subfield code="b">BRCA</subfield>
    <subfield code="d">2008-06-25</subfield>
    <subfield code="l">0</subfield>
    <subfield code="o">N6555 .A78 4 1987</subfield>
    <subfield code="p">00115</subfield>
    <subfield code="r">2019-03-22 00:00:00</subfield>
    <subfield code="w">2019-03-22</subfield>
    <subfield code="y">B</subfield>
  </datafield>
</record>
